Microeconomics: (Record no. 11229)
[ view plain ]
| 000 -LEADER | |
|---|---|
| fixed length control field | 00975cam a22002771 4500 |
| 001 - CONTROL NUMBER | |
| control field | 6566260 |
| 005 - DATE AND TIME OF LATEST TRANSACTION | |
| control field | 20050828172820.0 |
| 008 - FIXED-LENGTH DATA ELEMENTS--GENERAL INFORMATION | |
| fixed length control field | 740103s1963 xx 000 0 eng |
| 010 ## - LIBRARY OF CONGRESS CONTROL NUMBER | |
| LC control number | 62021115 |
| 015 ## - NATIONAL BIBLIOGRAPHY NUMBER | |
| National bibliography number | GB63-12838 |
| 020 ## - INTERNATIONAL STANDARD BOOK NUMBER | |
| International Standard Book Number | 9780070092471 |
| 035 ## - SYSTEM CONTROL NUMBER | |
| System control number | (OCoLC)769715 |
| 040 ## - CATALOGING SOURCE | |
| Original cataloging agency | DLC |
| Transcribing agency | OYU |
| Modifying agency | CCC |
| -- | Uk |
| -- | DLC |
| 042 ## - AUTHENTICATION CODE | |
| Authentication code | premarc |
| 050 00 - LIBRARY OF CONGRESS CALL NUMBER | |
| Classification number | HB171.5 |
| Item number | .M139 1963 |
| 082 ## - DEWEY DECIMAL CLASSIFICATION NUMBER | |
| Classification number | 338 |
| Item number | MCC |
| 100 1# - MAIN ENTRY--PERSONAL NAME | |
| Personal name | McConnell, Campbell R. |
| 9 (RLIN) | 3360 |
| 245 00 - TITLE STATEMENT | |
| Title | Microeconomics: |
| Remainder of title | Principles, problems, and policies. |
| Statement of responsibility, etc | Campbell R. Mcconnell , Stanley L. Brue & Sean M. Flynn |
| 250 ## - EDITION STATEMENT | |
| Edition statement | 18th ed. |
| 260 ## - PUBLICATION, DISTRIBUTION, ETC. (IMPRINT) | |
| Place of publication, distribution, etc | New York, |
| Name of publisher, distributor, etc | McGraw-Hill |
| Date of publication, distribution, etc | 2009 |
| 300 ## - PHYSICAL DESCRIPTION | |
| Extent | 1 v. |
| Other physical details | ill. col.; |
| Dimensions | 24 cm. |
| 504 ## - BIBLIOGRAPHY, ETC. NOTE | |
| Bibliography, etc | Includes bibliographical references and index. |
| 650 #0 - SUBJECT ADDED ENTRY--TOPICAL TERM | |
| Topical term or geographic name as entry element | Economics. |
| 9 (RLIN) | 3361 |
| 942 ## - ADDED ENTRY ELEMENTS (KOHA) | |
| Source of classification or shelving scheme | Dewey Decimal Classification |
| Item type | Book - Borrowing |
| Withdrawn status | Item status | Source of classification or shelving scheme | Damaged status | Not for loan | Vendor | Home library | Current library | Shelving location | Date acquired | Source of acquisition | Cost, normal purchase price | Serial Enumeration / chronology | Total Checkouts | Full call number | Barcode | Date last seen | Koha item type |
|---|---|---|---|---|---|---|---|---|---|---|---|---|---|---|---|---|---|
| Dewey Decimal Classification | Baccah | Central Library | Central Library | First floor | 08/04/2009 | 287.68 | 6993 | 338.5 MCC | 000015777 | 15/07/2025 | Book - Borrowing |